Hospodářská příručka hospodářské, pracovní a finanční vztahy

Uložené v:
Podrobná bibliografia
Hlavný autor: Přibyl, Zdeněk
Médium: Kniha
Jazyk:Czech
Vydavateľské údaje: Praha Státní nakladatelství technické literatury 1986
Tagy: Pridať tag
Žiadne tagy, Buďte prvý, kto otaguje tento záznam!

MARC

LEADER 00000nam a2200000 4500
001 c103394
005 20250929135634.4
041 0 |a cze 
044 |a CZ 
245 1 0 |a Hospodářská příručka  |b hospodářské, pracovní a finanční vztahy  |c Zdeněk Přibyl a kol. 
264 1 |a Praha  |b Státní nakladatelství technické literatury  |c 1986 
300 |a 303 s. 
100 1 |a Přibyl, Zdeněk